ՀՀ Գիտությունների ազգային ակադեմիայի հիմնարար գիտական գրադարան  =   Fundamental Scientific Library of NAS RA

Ընդարձակ գրացուցակ Սարգիս Յակոբեան գրատան. (Record no. 156210)

MARC details
000 -LEADER
fixed length control field 00627nam a2200193 a 4500
003 - CONTROL NUMBER IDENTIFIER
control field AM-YeHGA
040 ## - CATALOGING SOURCE
Original cataloging agency AM-YeHGA
090 ## - LOCALLY ASSIGNED LC-TYPE CALL NUMBER (OCLC); LOCAL CALL NUMBER (RLIN)
-- 157609
001 - CONTROL NUMBER
control field 000410481
005 - DATE AND TIME OF LATEST TRANSACTION
control field 20250618072418.0
008 - FIXED-LENGTH DATA ELEMENTS--GENERAL INFORMATION
fixed length control field 050218s1925 ai 000 | arm d
041 0# - LANGUAGE CODE
Language code of text/sound track or separate title arm
110 2# - MAIN ENTRY--CORPORATE NAME
Corporate name or jurisdiction name as entry element Յակոբեան Սարգիս գրատուն
245 10 - TITLE STATEMENT
Title Ընդարձակ գրացուցակ Սարգիս Յակոբեան գրատան.
260 ## - PUBLICATION, DISTRIBUTION, ETC.
Place of publication, distribution, etc. Կ. Պոլիս :
Name of publisher, distributor, etc. տպ. Կիւթէմպէրկ Կ. Մագասճեան եւ ընկ.,
Date of publication, distribution, etc. 1925.
300 ## - PHYSICAL DESCRIPTION
Extent Ա-Զ, 121 էջ ;
Dimensions 15 սմ.
650 14 - SUBJECT ADDED ENTRY--TOPICAL TERM
Topical term or geographic name entry element Գրացուցակներ
9 (RLIN) 4786
942 ## - ADDED ENTRY ELEMENTS (KOHA)
Source of classification or shelving scheme Universal Decimal Classification
Koha item type Գրքեր / Books
Holdings
Withdrawn status Lost status Source of classification or shelving scheme Damaged status Not for loan Collection Home library Current library Date acquired Total checkouts Full call number Barcode Date last seen Price effective from Koha item type Public note
    Universal Decimal Classification     Pogharian Individual Collection Fundamental Scientific Library Fundamental Scientific Library 28/12/2016   Պող/787 FL0319233 28/12/2016 28/12/2016 Գրքեր / Books ILL Non-Circ.
    Universal Decimal Classification     Alpoiajian Individual Collection Fundamental Scientific Library Fundamental Scientific Library 11/07/2019   Ալպ/3801 FL0587489 11/07/2019 11/07/2019 Գրքեր / Books ILL Non-Circ


ՀՀ ԳԱԱ հիմնարար գիտական գրադարան
ՀՀ,Երևան 0019
Մարշալ Բաղրամյան 24/6
հեռախոս:(374-10) 52-47-50
Հետադարձ կապ

All site content, except where otherwise noted, is licensed under a
Creative Commons License